Exploring The Populer. (Record no. 32056)

MARC details
000 -LEADER
fixed length control field 00422nam a2200169Ia 4500
008 - FIXED-LENGTH DATA ELEMENTS--GENERAL INFORMATION
fixed length control field 220531s9999 xx 000 0 und d
041 ## - LANGUAGE CODE
Language code of text/sound track or separate title eng
082 ## - DEWEY DECIMAL CLASSIFICATION NUMBER
Item number CHA
100 ## - MAIN ENTRY--PERSONAL NAME
Personal name Chakravarti, Uma.
9 (RLIN) 55507
245 ## - TITLE STATEMENT
Title Exploring The Populer.
260 ## - PUBLICATION, DISTRIBUTION, ETC. (IMPRINT)
Name of publisher, distributor, etc. Savitribai Phule Aabhyas Kendra
Date of publication, distribution, etc. 2009
300 ## - PHYSICAL DESCRIPTION
Extent 390
542 ## - INFORMATION RELATING TO COPYRIGHT STATUS
Copyright holder 04-03-2010
650 ## - SUBJECT ADDED ENTRY--TOPICAL TERM
Topical term or geographic name as entry element Sociology
9 (RLIN) 55508
906 ## - LOCAL DATA ELEMENT F, LDF (RLIN)
d 2009-2010
Holdings
Withdrawn status Lost status Source of classification or shelving scheme Damaged status Not for loan Home library Current library Date acquired Vendor Cost, normal purchase price Total Checkouts Total Holds Full call number Barcode Date last seen Bill Date Koha item type Original Barcode
    Dewey Decimal Classification     Shri Siddhivinayak Mahila Mahavidyalaya Shri Siddhivinayak Mahila Mahavidyalaya 04/03/2010 Stree abhyas kendra 100.00   1 /CHA/B/13056 SSMM-BK-13056 06/08/2022 06/08/2022 Books 010013056